000 00427nam a2200181Ia 4500
001 1681
005 20260306143746.0
008 260306t2004||||xx |||||||||||||| ||spa||
041 _aESP
082 _a155
_bB45
100 _aBerk. Laura E.
_eAUT
245 0 _aDesarrollo del Niño y del Adolescente
260 _c2004
300 _a1011 pág :
_c25 x 19 cm.
650 _aGEN
654 _aCPS
942 _cLIB
_dJUS
_fJUS
_2ddc
_n
999 _c1681
_d1681